| 000 | 00539nam a2200181 i 4500 | ||
|---|---|---|---|
| 001 | 24146 | ||
| 003 | ES-MaACL | ||
| 005 | 20240415105053.0 | ||
| 007 | t| | ||
| 008 | 021216s1923 fr ||||1| fre d | ||
| 245 | 0 | 0 |
_aAnthologie poétique du XXe siècle / _cRobert de la Vaissiere. |
| 260 |
_aParís : _bG. Gres et Cie, _c[1923] ( _eMagenne : _fImp. Floch) |
||
| 300 |
_a2 v. ; _c19 cm. |
||
| 650 | 0 | 4 |
_aPoesía- _yS.XX _916200 |
| 700 | 1 |
_aLa Vaissière, Robert de. _9148470 |
|
| 852 |
_aES-MaACL _jG-3399-3400 |
||
| 999 |
_c24146 _d24146 |
||